|
|
|
|
| LEADER |
00000nam0a2200000 4500 |
| 001 |
671952 |
| 005 |
20240410115422.0 |
| 035 |
|
|
|a (RuTPU)RU\TPU\book\134765
|
| 090 |
|
|
|a 671952
|
| 100 |
|
|
|a 20240402d1926 km|y0rusy50 ca
|
| 101 |
0 |
|
|a rus
|
| 102 |
|
|
|a RU
|
| 105 |
|
|
|a a z 001zy
|
| 181 |
|
0 |
|a i
|b e
|
| 182 |
|
0 |
|a n
|
| 183 |
|
0 |
|a nc
|2 RDAcarrier
|
| 200 |
1 |
|
|a Проблема использования энергии ветра. Характеристика ветряного двигателя в зависимости от направления ветра
|f Центральный аэрогидродинамический институт ; Г. Х. Сабинин
|h Ч. 3
|
| 210 |
|
|
|a Москва
|c Научно-технический отдел В.С.Н.Х.
|d 1926
|
| 215 |
|
|
|a 20 с.
|c ил.
|
| 225 |
1 |
|
|a Труды Центрального аэро-гидродинамического института
|v Вып. 28(160)
|
| 283 |
|
|
|a volume
|
| 606 |
|
|
|a Аэродинамические установки
|2 stltpush
|3 (RuTPU)RU\TPU\subj\29887
|9 53119
|
| 610 |
1 |
|
|a энергия ветра
|
| 610 |
1 |
|
|a ветряные двигатели
|
| 610 |
1 |
|
|a характеристики
|
| 610 |
1 |
|
|a мощность
|
| 610 |
1 |
|
|a направление ветра
|
| 610 |
1 |
|
|a ветряные мельницы
|
| 610 |
1 |
|
|a голландский опыт
|
| 610 |
1 |
|
|a американский опыт
|
| 610 |
1 |
|
|a конструкции
|
| 610 |
1 |
|
|a решение задач
|
| 675 |
|
|
|a 533.6.07
|v 3
|
| 700 |
|
|
|a Сабинин
|b Г. Х.
|
| 712 |
0 |
2 |
|a Центральный аэрогидродинамический институт (ЦАГИ)
|c (Москва)
|3 (RuTPU)RU\TPU\col\4446
|
| 801 |
|
1 |
|a RU
|b 63413507
|c 20240402
|g PSBO
|
| 801 |
|
2 |
|a RU
|b 63413507
|c 20240402
|g PSBO
|
| 942 |
|
|
|c CR
|